000 01544cam a22004454i 4500
003 PE-LiUPU
005 20250731173039.0
008 171219s2016 xxu0 r0 000 0 eng d
020 _a9781498290937
035 _a(Sirsi) a240557
040 _aPE-LiUPU
_bspa
_cPE-LiUPU
_erda
049 _aPRUA
082 0 4 _a262.097
_bR71
_223
100 1 _aSuderman, Robert J.,
_eautor.
245 1 0 _aRe-imagining the church :
_bimplications of being a people in the world /
_cRobert J. Suderman.
264 1 _aEugene :
_bWipf & Stock Publishers;
_c2016
300 _a242 páginas ;
_c23 centimetros
336 _atext
_2rdacontent
337 _aunmediated
_2rdamedia
338 _avolume
_2rdacarrier
505 0 _aThe nature and being of the church -- Apeople in the world -- Faith and the public: the church´s witness to peace -- The church in search of relevance -- Just peacemaking.
526 _aSEG42
526 _aSEG41
526 _aSEG40
526 _aSEG39
526 _aP94
526 _aP87
526 _aP86
526 _aP85
526 _aP77
526 _aP76
526 _aP35
650 0 4 _aElectronic books.
650 0 4 _aLibros electronicos.
_91512
910 _adbm
_bksl
_cksl
_d20171219
596 _a1
942 _2ddc
_cBOOK
999 _a262.097 R71
_wLC
_c26228
_i77693
_f2021-11-10
_g4
_lCCODEBUL1
_mBUL
_p30.78
_r0
_sY
_tBOOK
_u2017-12-19
_xTEOLOGIA
_PP85
_0DONACION
_o.PUBLIC.
_o.STAFF. Colección Teología
_d26228
980 _81
_gALBERTO SANCHEZ Responsable de Automatización